00637nam a22001457a 4500008004100000082001500041100004300056245011100099260005700210300000900267942001200276999001500288952009400303952009400397230621b xxu||||| |||| 00| 0 eng d a328.4bCPA cCommonwealth Parliamentary Association aReport of proceedings of the Eighteenth Commonwealth parliamentary Conference held in Malawi october 1972 aMalawibCommonwealth Parliamentary Associationc1972 a330p 2ddccBK c2159d2159 00102ddc4070a002b002d2023-06-21l0o328.4 CPAp10010971r2023-06-21w2023-06-21yBK 00102ddc4070a002b002d2023-06-21l0o328.4 CPAp10010970r2023-06-21w2023-06-21yBK